000 00724nam a2200253Ia 4500
001 Para_5476
003 CHAP
008 220125s1959 xx 000 0 und d
010 _a204726
040 _cCHAP
090 _aPA R-114
100 _aStover, R. H.
_9166639
245 _aBacterial rhizome rot of bananas /
_c R. H. Stover
260 _a:
_b
500 _aSobretiro de : Phytopathology 49: (5): 290-292, 1959
650 _aBacterias fitopatógenas Pudrición de la raíz
_x Plátano Plátano
_x Enfermedades
_9170720
901 _aPA R-114
902 _aA
905 _a0000001959 0000000000 00
910 _a1959
942 _cPARA
942 _cPARA
_d1
999 _c204726
_d204726